000 00840nam a2200253 i 4500
001 C2-0345425
003 PPAK
005 20180728145955.0
008 180212s2016 cauo|||| ||||| | eng d
020 _a9781401952235
040 _aPPAK
_beng
_cPPAK
_erda
082 0 4 _a616.994
_223
090 0 0 _a616.994
_bBOL
_dR
100 1 _aBollinger, Ty M.,
_eauthor
245 1 4 _aThe truth about cancer :
_bwhat you need to know about cancer's history, treatment and prevention
264 1 _aCalifornia :
_bHay House, Inc. ,
_c2016
300 _a318 pages :
_bphotographs ;
_c24 cm
336 _2rdacontent
_atext
337 _2rdamedia
_aunmediated
338 _2rdacarrier
_avolume
500 _aIncludes bibliographical references and index.
650 1 0 _aCancer - History. ; Cancer - Treatment. ; Cancer - Prevention.
942 _ddc
_cB
999 _c141879
_d141879